00738 2200253 4500001002100000005001500021035002500036008004100061020001800102090002100120100001700141245008400158250001800242260003700260300003200297500002700329650003000356850001200386985000600398999002100404082001600425084002200441990002100463YOGYA-0209000004558820250620123726 a0010-020900000045588090227s2002 ind d a979-9398-16-9 aCB-D.11 2002-204 aJOKO, Susilo10aKomponen Visual :bPerancangan dan Implementasinya Pada Delphib /cDjoko Susilo aEd. 1, cet. 131aYogyakarta :bJ&S Lerning,c2002 ax, 312 hlm :bilus ;c23 cm aBibliografi : hlm. 209 4aDelphi (Program Komputer) aYOPDDIY a1 aCB-D.11/2002-20404223a005.369 aDEP 005.369 Jok K aCB-D.11/2002-204